Luật hôn nhân và gia đình năm 2014 quy định về quan hệ hôn nhân, phân chia tài sản, độ tuổi kết hôn, mang thai hộ, bảo vệ quyền, lợi ích hợp pháp của người dân về hôn nhân và gia đình

Đã lưu trong:
Sonraí Bibleagrafaíochta
Príomhúdar: Nguyễn Thị Quyết
Formáid: Leabhar
Foilsithe: H. Lao Động 2015
Clibeanna: Cuir Clib Leis
Gan Chlibeanna, Bí ar an gcéad duine leis an taifead seo a chlibeáil!
Thư viện lưu trữ: Trung tâm Học liệu Lê Vũ Hùng, Trường Đại học Đồng Tháp
LEADER 00791pam a22001698a 4500
001 00038799
005 20171026081025.0
008 170517s2015 ||||||Viesd
041 0 # |a Vie 
082 1 4 |a 346.597  |b L504H 
100 1 # |a Nguyễn Thị Quyết 
245 1 0 |a Luật hôn nhân và gia đình năm 2014 quy định về quan hệ hôn nhân, phân chia tài sản, độ tuổi kết hôn, mang thai hộ, bảo vệ quyền, lợi ích hợp pháp của người dân về hôn nhân và gia đình  |c Nguyễn Thị Quyết 
260 # # |a H.  |b Lao Động  |c 2015 
300 # # |a 478tr.  |c 28 cm 
852 # # |b Kho đọc  |j KD.1001029 
910 |d 17/05/2017 
980 # # |a Trung tâm Học liệu Lê Vũ Hùng, Trường Đại học Đồng Tháp